000 00645nam a2200205 a 4500
001 000034393
005 20200930073656.0
008 111004s2005 mx 000 f spa d
040 _aDO-SdBNP
_bspa
_cBNPHU
082 _a863.64
_bV648m
100 1 _aVidal, César
_d1958-
_959819
245 1 3 _aEl médico del sultán /
_cCésar Vidal.
260 _aMéxico :
_bGrijalbo,
_c2005.
300 _a252 p. ;
_c24 cm.
500 _aIncluye datos biográficos del autor en la solapa de la cubierta
650 4 _aNovela historica española
_96177
650 4 _aLiteratura española
_9632
910 _aValidado. Control de calidad MFF
049 _aBNPD
999 _c33884
_d33884